000 00694nam a2200289Ia 4500
005 20260324144552.0
008 008 260324s9999 xx 000 0 eng d
020 _a9780429399374
037 _aEBOOK
040 _aCRL
040 _beng
040 _cCRL
041 _2eng
041 _aeng
084 _qCRL
100 _aMichael Beenstock
_91171614
245 0 _aWork, Welfare and Taxation
245 2 _bA Study of Labour Supply Incentives in the UK
260 _bTaylor and Francis
260 _c1987
365 _a
365 _b120
856 _uhttp://www.taylorfrancis.com/books/9780429399374
942 _cEBOOK
999 _c1826576
_d1826576